GREEN BRIDGES: (Record no. 200567)
[ view plain ]
| 000 -LEADER | |
|---|---|
| fixed length control field | 00597nam a22001937a 4500 |
| 005 - DATE AND TIME OF LATEST TRANSACTION | |
| control field | 20240206113136.0 |
| 010 ## - LCCN (DPL NO) | |
| LC control number | ENG-139130 |
| 020 ## - INTERNATIONAL STANDARD BOOK NUMBER | |
| Terms of availability | 150.00 |
| International Standard Book Number | 9789380572949 |
| 035 ## - SYSTEM CONTROL NUMBER | |
| System control number | EN-122662 |
| 037 ## - SOURCE OF ACQUISITION | |
| Source of stock number/acquisition | DBAD/PUB |
| 082 ## - DEWEY DECIMAL CLASSIFICATION NUMBER | |
| Classification number | 333.916 |
| 100 ## - MAIN ENTRY--PERSONAL NAME | |
| Personal name | JOSHI, GOPAL |
| 245 ## - TITLE STATEMENT | |
| Title | GREEN BRIDGES: |
| Statement of responsibility, etc | BY Gopal joshi |
| Remainder of title | Translated by Vinod Bodhankar |
| 260 ## - PUBLICATION, DISTRIBUTION, ETC. (IMPRINT) | |
| Place of publication, distribution, etc | PUNE |
| Name of publisher, distributor, etc | Menaka prakashan |
| Date of publication, distribution, etc | 2015 |
| 270 ## - ADDRESS | |
| City | PUNE |
| Address | 2117,SADASHIV PETH ,VIJAYANAGAR COLONY |
| Postal code | 411009 |
| 300 ## - PHYSICAL DESCRIPTION | |
| Extent | 94p. |
| Dimensions | 20cm(PB) |
| 700 ## - ADDED ENTRY--PERSONAL NAME | |
| Personal name | VINOD BODHANKAR |
| Relator term | TRANSLATOR |
| 9 (RLIN) | 61755 |
| 942 ## - ADDED ENTRY ELEMENTS (KOHA) | |
| Source of classification or shelving scheme | Dewey Decimal Classification |
| Item type | English Books |
| Call number suffix | JOS |
| Classification part | 333.916 |
| Withdrawn status | Lost status | Not for loan | Collection code | Home library | Current library | Date acquired | Source of acquisition | Cost, normal purchase price | Full call number | Barcode | Copy number | Cost, replacement price | Koha item type |
|---|---|---|---|---|---|---|---|---|---|---|---|---|---|
| Non-fiction | Sarojini Nagar | Sarojini Nagar | 06/02/2024 | DBAD/PUB | 150.00 | JOS 333.916 | EN-122662 | 1 | 150.00 | English Books |
